Statystyki dla //Polski Rap// Odgadnij tytuł po kawałku tekstu

Kliknij tutaj aby rozwiązać quiz!

Ogólne statystyki

  • Ten quiz został rozwiązany 956 razy
  • Średni wynik to 4 z 8

Statystyki odpowiedzi

ArtystaTekstOdpowiedź% Poprawnych
RetoMówiłem nigdy więcej, a czas mi przyniósł plaster Zagoiło się nieźle, skoro goiło z otwartejUA
81%
Tymekzabrać mi już nic nie mogą – bo nic nie mam moje logo mówi ci że jestem sobąPoza kontrolą
69%
BeteoDlaczego jestem zły, zły, zły? Mała, uwierz, byłbym gorszy gdyby tylko nie TyMeow
52%
KartkyEj, chodź się napijemy i wymażemy sceny W których żadne z nas nie chciało grać Potem im powiemy, że lubimy aferyOutside
47%
GuziorWielu mam klonów na fejsie, liczne profile ze zdjęciem Niektórzy wolą się stawać kimś innym, jeśli będąc sobą się czują niepewnieTatuaże z Henny
45%
JodaTrafić do nas, to jak transfer Sancheza do United, I czasem nie dowierzam, do czego bujacie karkiem,Bor Crew
34%
SariusSpojrzę w lustro, zaczynam ten bój, ból Bać się, że dzisiaj wypadnie numerek mój, odpadnę A ledwo co brunch, którego nie mamDziecko wojny
25%
BedoesChcieliśmy się bawić, nie mieliśmy forsy i nikt nie narzekał Dziś stoję nocą na stacji, nie mam prawa jazdy, jak coś to uciekamGady
24%

Rozkład punktacji

Percentyl według liczby udzielonych odpowiedzi

Procent ludzi z każdym wynikiem

Twoja historia wyników

Nie rozwiązałeś tego quizu